00554 a2200181 4500010001400000020002600014035001300040037001600053082001400069100001800083245003500101250001100136260004500147270010200192300003000294700002100324700002700345 aENG-88998 c375.00a9788175346512 aEN-72531 bDBAD / PUB14a346.54066 aSaharay, H.K.10aCompany law /cby H.K. Saharay a5th ed aDelhibUniversal Law Publishing Coc2008 aC-FF-1A, Dilkhush Induatrial Estate, Opp. Hans Cinema, G. T. Karnal Raod, AzadpurbDelhie110 033 acviii, 643p.c22 cm (pbk) aKhan, Nizamuddin aHashmi, S.Najmul Islam